[Event "Niedersachsen-ch"]
[Site "Verden an der Aller"]
[Date "2020.01.04"]
[Round "6"]
[White "Colbow, Collin"]
[Black "Rau, Nikita"]
[Result "1-0"]
[WhiteElo "2098"]
[BlackElo "1987"]
[PlyCount "142"]
[EventDate "2020.01.02"]
[EventType "swiss"]
[EventRounds "7"]
[EventCountry "GER"]
[SourceTitle "EXT 2021"]
[Source "ChessBase"]
[SourceDate "2020.10.23"]
[SourceVersion "1"]
[SourceVersionDate "2020.10.23"]
[SourceQuality "1"]

1. e4 c5 2. Nc3 Nc6 3. Nf3 e5 4. Bc4 d6 5. d3 Bg4 6. h3 Be6 7. Nd5 Nd4 8. c3 Nxf3+ 9. Qxf3 Ne7 10. Bg5 Qc8 11. Bb5+ Bd7 12. Bxd7+ Qxd7 13. Bxe7 Bxe7 14. 0-0 0-0 15. Qg4 f5 16. exf5 Rae8 17. Ne3 d5 18. f6 Qxg4 19. hxg4 Bxf6 20. Nxd5 e4 21. dxe4 Rxe4 22. f3 Re2 23. Rf2 Rfe8 24. Kf1 R2e5 25. Nxf6+ gxf6 26. Rd1 c4 27. Rfd2 Kf7 28. Rd7+ R8e7 29. Rxe7+ Rxe7 30. Kf2 Kg6 31. f4 h5 32. f5+ Kg5 33. gxh5 Kxh5 34. Rd4 Rc7 35. g4+ Kg5 36. Kf3 Kh6 37. Rd6 Kg5 38. Rd8 Kh6 39. Kf4 Rc6 40. Rh8+ Kg7 41. Rh2 a5 42. g5 fxg5+ 43. Kxg5 Rc5 44. Rd2 Rb5 45. a4 Rb6 46. Rh2 Kf7 47. Kf4 Rb3 48. Ke5 b5 49. Kd4 bxa4 50. Kxc4 Kf6 51. Rf2 Rb8 52. Kc5 Rc8+ 53. Kb5 a3 54. bxa3 Rxc3 55. a4 Rc8 56. Kxa5 Ra8+ 57. Kb5 Rb8+ 58. Kc6 Ra8 59. Ra2 Rc8+ 60. Kb7 Rc1 61. Rf2 Rb1+ 62. Ka6 Rb4 63. a5 Rb1 64. Ka7 Rb5 65. a6 Rb1 66. Ka8 Rb3 67. a7 Rb1 68. Rc2 Kxf5 69. Rc8 Ke6 70. Rb8 Rh1 71. Kb7 Kd5 1-0

[Event "Niedersachsen-ch op-A"]
[Site "Verden an der Aller"]
[Date "2020.01.04"]
[Round "5"]
[White "Rau, Nikita"]
[Black "Cevik, Dietmar"]
[Result "1-0"]
[WhiteElo "1987"]
[BlackElo "2239"]
[PlyCount "95"]
[EventDate "2020.01.02"]
[EventType "swiss"]
[EventRounds "7"]
[EventCountry "GER"]
[SourceTitle "EXT 2023"]
[Source "ChessBase"]
[SourceDate "2022.10.05"]
[SourceVersion "1"]
[SourceVersionDate "2022.10.05"]
[SourceQuality "1"]

1. e4 d5 2. exd5 Qxd5 3. Nc3 Qa5 4. d4 c6 5. Nf3 Nf6 6. Bc4 e6 7. Bd2 Qc7 8. Qe2 Be7 9. 0-0-0 Nbd7 10. Ne5 Nb6 11. g4 Nxc4 12. Qxc4 Bd6 13. Qe2 b6 14. g5 Nd7 15. f4 Bb7 16. Rhe1 Nf8 17. d5 Bxe5 18. dxe6 Nxe6 19. fxe5 0-0-0 20. Qg4 Rd4 21. Qf5 Kb8 22. Ne4 Rd5 23. Bc3 Rhd8 24. Rf1 Rxd1+ 25. Rxd1 Qe7 26. h4 Rxd1+ 27. Kxd1 h6 28. gxh6 gxh6 29. Nf6 Bc8 30. Qh7 Qc5 31. Qxh6 Qg1+ 32. Be1 Qd4+ 33. Qd2 Qxe5 34. Nd7+ Bxd7 35. Qxd7 Qh5+ 36. Kd2 Qf3 37. Qd6+ Kb7 38. Qd7+ Nc7 39. Qd3 Qg2+ 40. Kc1 Qg1 41. Qg3 Qh1 42. b3 f5 43. Kd2 Nd5 44. Qe5 f4 45. c4 Nb4 46. Qe7+ Ka6 47. Qxb4 f3 48. Ke3 1-0

[Event "Niedersachsen-ch op-A"]
[Site "Verden an der Aller"]
[Date "2020.01.02"]
[Round "1"]
[White "Rau, Nikita"]
[Black "Stummeyer, Dieter"]
[Result "1-0"]
[WhiteElo "1987"]
[BlackElo "1802"]
[PlyCount "87"]
[EventDate "2020.01.02"]
[EventType "swiss"]
[EventRounds "7"]
[EventCountry "GER"]
[SourceTitle "EXT 2023"]
[Source "ChessBase"]
[SourceDate "2022.10.05"]
[SourceVersion "1"]
[SourceVersionDate "2022.10.05"]
[SourceQuality "1"]

1. e4 c5 2. Nf3 Nc6 3. d3 g6 4. g3 Bg7 5. Bg2 d6 6. 0-0 Bg4 7. h3 Bxf3 8. Qxf3 e6 9. Nd2 Nge7 10. c3 0-0 11. Qe2 Qd7 12. f4 f5 13. Nf3 Rad8 14. Be3 b6 15. Rad1 e5 16. Rfe1 Qc8 17. Nh4 Kh8 18. exf5 gxf5 19. Qh5 Qe6 20. a3 e4 21. dxe4 fxe4 22. Bc1 d5 23. g4 Qh6 24. Qxh6 Bxh6 25. g5 Bg7 26. Rf1 Nf5 27. Nxf5 Rxf5 28. h4 Rff8 29. Kh2 Ne7 30. c4 dxc4 31. Bxe4 Rd4 32. Rxd4 cxd4 33. f5 Be5+ 34. Kh3 d3 35. f6 Nc8 36. Rf5 Bd4 37. Rd5 Bc5 38. Rd7 Nd6 39. Rxh7+ Kg8 40. Rg7+ Kh8 41. Bd5 Nf5 42. Rxa7 Be3 43. g6 Rxf6 44. Rh7# 1-0

[Event "Prague Summer op 2nd"]
[Site "Prague"]
[Date "2015.08.12"]
[Round "7"]
[White "Mueller, Fabian"]
[Black "Rau, Nikita"]
[Result "1-0"]
[WhiteElo "2319"]
[BlackElo "1941"]
[PlyCount "59"]
[EventDate "2015.08.07"]
[EventType "swiss"]
[EventRounds "9"]
[EventCountry "CZE"]
[SourceTitle "CBM 167 Extra"]
[Source "ChessBase"]
[SourceDate "2015.09.14"]
[SourceVersion "1"]
[SourceVersionDate "2015.09.14"]
[SourceQuality "1"]

1. e4 c5 2. Nf3 d6 3. d4 cxd4 4. Nxd4 Nf6 5. Nc3 a6 6. Be3 e5 7. Nb3 Be6 8. f3 Be7 9. Qd2 Qc7 10. 0-0-0 Nbd7 11. Kb1 0-0 12. g4 b5 13. Nd5 Bxd5 14. exd5 Nb6 15. Bxb6 Qxb6 16. g5 Nh5 17. Na5 Nf4 18. h4 Bd8 19. Nc6 a5 20. Bd3 Qc5 21. Be4 Bb6 22. Rdf1 Kh8 23. h5 b4 24. Ne7 Ra7 25. Ng6+ fxg6 26. hxg6 h6 27. gxh6 Rf6 28. Qh2 Nxg6 29. Bxg6 Rxg6 30. hxg7+ 1-0

[Event "Bremen-ch op"]
[Site "Bremen"]
[Date "2015.04.02"]
[Round "7"]
[White "Rau, Nikita"]
[Black "Webner, Dennis"]
[Result "0-1"]
[WhiteElo "1939"]
[BlackElo "2073"]
[PlyCount "60"]
[EventDate "2015.03.28"]
[EventType "swiss"]
[EventRounds "9"]
[EventCountry "GER"]
[SourceTitle "EXT 2018"]
[Source "ChessBase"]
[SourceDate "2017.10.13"]
[SourceVersion "1"]
[SourceVersionDate "2017.10.13"]
[SourceQuality "1"]

1. Nf3 d6 2. e4 g6 3. g3 Bg7 4. Bg2 e5 5. 0-0 Ne7 6. c3 0-0 7. d4 Nbc6 8. Re1 Bg4 9. Be3 Qd7 10. Qd2 f5 11. exf5 Nxf5 12. dxe5 Nxe3 13. e6 Qxe6 14. Ng5 Qf5 15. Qxe3 Bh6 16. Qe6+ Kg7 17. Qxf5 Bxf5 18. Ne6+ Bxe6 19. Rxe6 Bc1 20. a4 Rae8 21. Rxe8 Rxe8 22. Kf1 Ne5 23. Ke2 Ng4+ 24. Kd1 Bh6 25. Bxb7 Nxf2+ 26. Kc2 Re2+ 27. Kb3 Nd3 28. Kc4 Ne5+ 29. Kb5 Rxb2+ 30. Ka6 Be3 0-1

[Event "Bremen-ch op"]
[Site "Bremen"]
[Date "2015.03.29"]
[Round "3"]
[White "Schwenke, Stefan"]
[Black "Rau, Nikita"]
[Result "1/2-1/2"]
[WhiteElo "1742"]
[BlackElo "1939"]
[PlyCount "40"]
[EventDate "2015.03.28"]
[EventType "swiss"]
[EventRounds "9"]
[EventCountry "GER"]
[SourceTitle "EXT 2018"]
[Source "ChessBase"]
[SourceDate "2017.10.13"]
[SourceVersion "1"]
[SourceVersionDate "2017.10.13"]
[SourceQuality "1"]

1. e4 c5 2. g3 Nc6 3. Bg2 g6 4. c3 Bg7 5. Ne2 d6 6. b3 Nf6 7. Bb2 0-0 8. d4 cxd4 9. Nxd4 Bd7 10. Nd2 Rc8 11. 0-0 a6 12. Qe2 Nxd4 13. cxd4 Rc2 14. Rfb1 b5 15. Qd3 Rc7 16. Rc1 Rxc1+ 17. Rxc1 Qa5 18. a3 Rd8 19. Bc3 Qb6 20. b4 Rc8 1/2-1/2

[Event "Bremen-ch op"]
[Site "Bremen"]
[Date "2015.03.28"]
[Round "1"]
[White "Stern, Philipp"]
[Black "Rau, Nikita"]
[Result "0-1"]
[WhiteElo "1620"]
[BlackElo "1939"]
[PlyCount "40"]
[EventDate "2015.03.28"]
[EventType "swiss"]
[EventRounds "9"]
[EventCountry "GER"]
[SourceTitle "EXT 2018"]
[Source "ChessBase"]
[SourceDate "2017.10.13"]
[SourceVersion "1"]
[SourceVersionDate "2017.10.13"]
[SourceQuality "1"]

1. e4 c5 2. Nf3 d6 3. d4 cxd4 4. Nxd4 Nf6 5. Nc3 a6 6. Be3 e5 7. Nf3 Be7 8. Qd2 Qc7 9. 0-0-0 0-0 10. h3 b5 11. a3 Bb7 12. Nd5 Nxd5 13. exd5 Nd7 14. Be2 Rac8 15. c3 f5 16. Bg5 Nb6 17. Bxe7 Qxe7 18. Qc2 Rc5 19. Qb3 Kh8 20. c4 Bxd5 0-1

[Event "GER-chT U20"]
[Site "Osnabrueck"]
[Date "2013.12.30"]
[Round "7.1"]
[White "Rau, Nikita"]
[Black "Mao, Kevin"]
[Result "1/2-1/2"]
[WhiteElo "2020"]
[BlackElo "1953"]
[PlyCount "86"]
[EventDate "2013.12.27"]
[EventType "team-swiss"]
[EventRounds "7"]
[EventCountry "GER"]
[SourceTitle "EXT 2015"]
[Source "ChessBase"]
[SourceDate "2014.11.20"]
[SourceVersion "1"]
[SourceVersionDate "2014.11.20"]
[SourceQuality "1"]
[WhiteTeam "Hagen"]
[BlackTeam "Gernsheim"]
[WhiteTeamCountry "GER"]
[BlackTeamCountry "GER"]

1. Nf3 Nc6 2. d3 e5 3. e4 Bc5 4. g3 d6 5. Bg2 f5 6. 0-0 Nf6 7. Nbd2 0-0 8. c3 Qe8 9. d4 exd4 10. cxd4 Nxd4 11. Nxd4 Bxd4 12. Nc4 Bc5 13. exf5 Bxf5 14. Bxb7 Bh3 15. Re1 Qf7 16. Ne3 Rab8 17. Bg2 Bxg2 18. Kxg2 Bxe3 19. Rxe3 Rb4 20. f4 Qc4 21. b3 Qc6+ 22. Kg1 Re4 23. Rxe4 Qxe4 24. Bb2 Re8 25. Qd4 c5 26. Qxe4 Nxe4 27. Rd1 Kf7 28. Kg2 Rd8 29. Rd5 g6 30. Kf3 Nf6 31. Bxf6 Kxf6 32. g4 Ke6 33. Ke4 Re8 34. f5+ Kd7+ 35. Kf3 gxf5 36. Rxf5 Re7 37. h4 Ke6 38. Ke4 a5 39. g5 Rf7 40. Rxf7 d5+ 41. Kf4 Kxf7 42. h5 Ke6 43. a3 Kf7 1/2-1/2

[Event "Niedersachsen-ch U18"]
[Site "Rotenburg"]
[Date "2013.03.24"]
[Round "3"]
[White "Hans, Julian"]
[Black "Rau, Nikita"]
[Result "1-0"]
[WhiteElo "1707"]
[BlackElo "1854"]
[PlyCount "101"]
[EventDate "2013.03.23"]
[EventType "swiss"]
[EventRounds "9"]
[EventCountry "GER"]
[SourceTitle "EXT 2015"]
[Source "ChessBase"]
[SourceDate "2014.11.20"]
[SourceVersion "1"]
[SourceVersionDate "2014.11.20"]
[SourceQuality "1"]

1. e4 c5 2. Nf3 d6 3. d4 cxd4 4. Nxd4 Nf6 5. Nc3 a6 6. Bc4 e6 7. 0-0 Be7 8. f4 Qc7 9. Bb3 Nc6 10. Be3 0-0 11. f5 Nxd4 12. Bxd4 Bd7 13. fxe6 fxe6 14. Qd3 Kh8 15. Rad1 e5 16. Be3 Bc6 17. Bg5 Rad8 18. Bxf6 Bxf6 19. Nd5 Bxd5 20. Bxd5 Be7 21. Bb3 Rf4 22. Rxf4 exf4 23. Rf1 Rf8 24. Qd5 Qc5+ 25. Qxc5 dxc5 26. Rd1 b5 27. Bd5 Bf6 28. c3 b4 29. cxb4 cxb4 30. b3 Rd8 31. Kf2 g6 32. Kf3 Be5 33. Rc1 Bc3 34. Rc2 g5 35. a3 a5 36. axb4 axb4 37. Ra2 h5 38. h4 Bf6 39. Ra6 Kg7 40. hxg5 Bxg5 41. Rb6 Rc8 42. Bc4 Be7 43. Re6 Bg5 44. Rb6 Be7 45. Kxf4 Rf8+ 46. Kg3 h4+ 47. Kg4 Rf2 48. Rb7 Rxg2+ 49. Kf5 h3 50. Rxe7+ Kh8 51. Bf1 1-0

[Event "GER-chT U20"]
[Site "Osnabrueck"]
[Date "2012.12.30"]
[Round "7.6"]
[White "Raschkowski, Alexander"]
[Black "Rau, Nikita"]
[Result "0-1"]
[WhiteElo "1727"]
[BlackElo "1824"]
[PlyCount "49"]
[EventDate "2012.12.27"]
[EventType "team-swiss"]
[EventRounds "7"]
[EventCountry "GER"]
[SourceTitle "EXT 2014"]
[Source "ChessBase"]
[SourceDate "2013.11.20"]
[SourceVersion "1"]
[SourceVersionDate "2013.11.20"]
[SourceQuality "1"]
[WhiteTeam "Brackel"]
[BlackTeam "Hagen"]
[WhiteTeamCountry "GER"]
[BlackTeamCountry "GER"]

1. e4 c5 2. Nc3 d6 3. f4 g6 4. Nf3 Bg7 5. Bc4 e6 6. 0-0 Ne7 7. Kh1 Nbc6 8. Ne2 a6 9. a4 0-0 10. d3 Rb8 11. Qe1 b5 12. axb5 axb5 13. Bb3 b4 14. g4 Na5 15. Ng5 Nxb3 16. cxb3 f5 17. exf5 exf5 18. Ng3 Qd7 19. gxf5 Nxf5 20. Nxf5 Qxf5 21. Ra7 Bb7+ 22. Nf3 Rbe8 23. Qf2 Bd5 24. Be3 Qxd3 25. Qd2 0-1

[Event "GER-chT U20"]
[Site "Osnabrueck"]
[Date "2012.12.27"]
[Round "1.6"]
[White "Rau, Nikita"]
[Black "Koehler, Daniel"]
[Result "1/2-1/2"]
[WhiteElo "1824"]
[BlackElo "1564"]
[PlyCount "147"]
[EventDate "2012.12.27"]
[EventType "team-swiss"]
[EventRounds "7"]
[EventCountry "GER"]
[SourceTitle "EXT 2014"]
[Source "ChessBase"]
[SourceDate "2013.11.20"]
[SourceVersion "1"]
[SourceVersionDate "2013.11.20"]
[SourceQuality "1"]
[WhiteTeam "Hagen"]
[BlackTeam "Jena Schott"]
[WhiteTeamCountry "GER"]
[BlackTeamCountry "GER"]

1. Nf3 d5 2. g3 Nf6 3. Bg2 Bf5 4. d3 e6 5. Nbd2 h6 6. 0-0 Be7 7. Re1 0-0 8. c3 Nbd7 9. e4 dxe4 10. dxe4 Bh7 11. e5 Nd5 12. Nd4 c6 13. Qg4 Kh8 14. f4 Bc5 15. N2b3 Bb6 16. Kh1 Nc5 17. Nxc5 Bxc5 18. Nb3 Bb6 19. Qe2 Qc7 20. g4 Rfe8 21. g5 hxg5 22. fxg5 Ne7 23. Bf4 Ng6 24. Bg3 Red8 25. Be4 Kg8 26. h4 Nf8 27. h5 Bxe4+ 28. Qxe4 Qe7 29. Qg4 Rd7 30. g6 fxg6 31. hxg6 Qe8 32. Rf1 Nxg6 33. Bf4 Nxf4 34. Rxf4 Rf7 35. Raf1 Rxf4 36. Rxf4 Qe7 37. Nd4 Bxd4 38. Rxd4 Re8 39. Rd6 Qf7 40. Kg2 Qf5 41. Qg3 Rf8 42. Rd2 Qf1+ 43. Kh2 Qf4 44. Qxf4 Rxf4 45. Kg3 Re4 46. Rd7 Rxe5 47. Rxb7 Rb5 48. Rxa7 Rxb2 49. Ra6 Kf7 50. a4 Ra2 51. Kg4 Ra3 52. c4 c5 53. a5 Kf6 54. Ra8 Ra4 55. a6 Rxc4+ 56. Kf3 Ra4 57. a7 Ke5 58. Ke3 g5 59. Rc8 Rxa7 60. Rxc5+ Kf6 61. Kf3 Ra4 62. Kg3 Rf4 63. Ra5 e5 64. Ra8 Kf5 65. Rf8+ Ke4 66. Rg8 g4 67. Rd8 Ke3 68. Ra8 Rd4 69. Re8 e4 70. Kxg4 Kd2 71. Kf4 e3+ 72. Kf3 Rd3 73. Re7 e2+ 74. Kf2 1/2-1/2

[Event "Niedersachsen-ch U18"]
[Site "Rotenburg"]
[Date "2012.04.02"]
[Round "4"]
[White "Rau, Nikita"]
[Black "Konow, Philipp"]
[Result "1/2-1/2"]
[WhiteElo "1789"]
[BlackElo "1971"]
[PlyCount "107"]
[EventDate "2012.03.31"]
[EventType "swiss"]
[EventRounds "9"]
[EventCountry "GER"]
[SourceTitle "EXT 2015"]
[Source "ChessBase"]
[SourceDate "2014.11.20"]
[SourceVersion "1"]
[SourceVersionDate "2014.11.20"]
[SourceQuality "1"]

1. Nf3 d5 2. g3 c5 3. Bg2 Nc6 4. 0-0 Bg4 5. d3 Nf6 6. Nbd2 e6 7. h3 Bh5 8. e4 Be7 9. Re1 Qc7 10. g4 Bg6 11. e5 Nd7 12. Qe2 h5 13. Nf1 hxg4 14. hxg4 0-0-0 15. Bd2 Rde8 16. c4 f6 17. b4 dxc4 18. dxc4 Ncxe5 19. Nxe5 Nxe5 20. Bf4 Bd6 21. bxc5 Nf3+ 22. Qxf3 Bxf4 23. Ng3 f5 24. gxf5 exf5 25. Reb1 Re7 26. c6 bxc6 27. Qa3 Bxg3 28. fxg3 Kd8 29. Rd1+ Rd7 30. Qc5 Qb6 31. Qxb6+ axb6 32. Bxc6 Rxd1+ 33. Rxd1+ Kc7 34. Bd5 Re8 35. Kf2 Re7 36. Rd2 Bh5 37. Rb2 Bf7 38. Rb5 Be8 39. Rb2 Bc6 40. Rd2 Re5 41. Kf3 g5 42. Bxc6 Kxc6 43. Rd8 Ra5 44. Rg8 Ra3+ 45. Kg2 g4 46. Rf8 Rxa2+ 47. Kf1 Ra5 48. Rf6+ Kb7 49. Ke2 Ka6 50. Ke3 Rc5 51. Kd4 Ka5 52. Re6 Ka6 53. Rf6 Ra5 54. Rf8 1/2-1/2

[Event "Niedersachsen-ch op-B"]
[Site "Verden"]
[Date "2012.01.05"]
[Round "7"]
[White "Sturm, Timo"]
[Black "Rau, Nikita"]
[Result "1-0"]
[WhiteElo "1942"]
[BlackElo "1762"]
[PlyCount "77"]
[EventDate "2012.01.02"]
[EventType "swiss"]
[EventRounds "7"]
[EventCountry "GER"]
[SourceTitle "EXT 2021"]
[Source "ChessBase"]
[SourceDate "2020.10.23"]
[SourceVersion "1"]
[SourceVersionDate "2020.10.23"]
[SourceQuality "1"]

1. d4 Nf6 2. Nf3 c5 3. d5 e6 4. c4 exd5 5. cxd5 d6 6. Nc3 g6 7. e4 Bg7 8. Bd3 0-0 9. 0-0 a6 10. a4 Nbd7 11. Bf4 Qe7 12. Re1 Nh5 13. Bg5 f6 14. Bd2 Ne5 15. Be2 Bg4 16. Nxe5 Bxe2 17. Nxg6 hxg6 18. Qxe2 Bh8 19. Qg4 Qf7 20. Re3 Rfe8 21. Rae1 Re7 22. Ne2 b5 23. Ng3 Ng7 24. Rf3 Rae8 25. Qf4 Rd7 26. Qxf6 Qxf6 27. Rxf6 Nh5 28. Nxh5 gxh5 29. Rf3 Bxb2 30. axb5 axb5 31. Rb3 Bd4 32. Rxb5 Rf7 33. Re2 Ra8 34. Rb1 Ra2 35. Rd1 c4 36. Kf1 c3 37. Be3 Rxe2 38. Kxe2 Be5 39. h3 1-0

[Event "Niedersachsen-ch op-B"]
[Site "Verden"]
[Date "2012.01.04"]
[Round "5"]
[White "Rau, Nikita"]
[Black "Celik, Abdullah1111"]
[Result "0-1"]
[WhiteElo "1762"]
[BlackElo "2061"]
[PlyCount "42"]
[EventDate "2012.01.02"]
[EventType "swiss"]
[EventRounds "7"]
[EventCountry "GER"]
[SourceTitle "EXT 2021"]
[Source "ChessBase"]
[SourceDate "2020.10.23"]
[SourceVersion "1"]
[SourceVersionDate "2020.10.23"]
[SourceQuality "1"]

1. Nf3 Nf6 2. c4 g6 3. g3 Bg7 4. Bg2 0-0 5. 0-0 d6 6. Nc3 e5 7. d3 Nc6 8. Bg5 h6 9. Bd2 Be6 10. b4 e4 11. Ne1 exd3 12. exd3 d5 13. b5 Nd4 14. c5 Nd7 15. c6 bxc6 16. bxc6 Nxc6 17. Rc1 Ne7 18. Nb5 c6 19. Nd6 Qb8 20. Bf4 Be5 21. Rb1 Qxd6 0-1

[Event "GER-chT U20"]
[Site "Osnabrueck"]
[Date "2011.12.28"]
[Round "3.4"]
[White "Rau, Nikita"]
[Black "Mikeler, Marcel"]
[Result "1-0"]
[WhiteElo "1799"]
[BlackElo "1489"]
[PlyCount "127"]
[EventDate "2011.12.27"]
[EventType "team-swiss"]
[EventRounds "7"]
[EventCountry "GER"]
[SourceTitle "CBM 146 Extra"]
[Source "ChessBase"]
[SourceDate "2012.02.29"]
[SourceVersion "1"]
[SourceVersionDate "2012.02.29"]
[SourceQuality "1"]
[WhiteTeam "Hagen"]
[BlackTeam "Heilbronn"]
[WhiteTeamCountry "GER"]
[BlackTeamCountry "GER"]

1. Nf3 d5 2. c4 c6 3. e3 Nf6 4. b3 Bf5 5. Bb2 e6 6. Be2 Nbd7 7. 0-0 Bd6 8. cxd5 exd5 9. Nd4 Bg6 10. f4 h6 11. Nf3 0-0 12. Nc3 Qe7 13. a3 Nc5 14. Ne5 Bxe5 15. fxe5 Nfe4 16. d4 Nd7 17. a4 Nxc3 18. Bxc3 f6 19. Qe1 fxe5 20. Rxf8+ Qxf8 21. Qg3 exd4 22. Bxd4 Kh7 23. Rf1 Qe7 24. Qc7 c5 25. Qxb7 Rb8 26. Qxd5 cxd4 27. Qxd4 Rxb3 28. Rf3 Rb1+ 29. Kf2 Nf6 30. Bc4 Ne4+ 31. Ke2 Bh5 32. Bd3 Bxf3+ 33. gxf3 Rb4 34. Bxe4+ g6 35. Qd3 Qf7 36. Kf2 a5 37. h4 h5 38. Kg3 Kh6 39. Qc2 Qf6 40. Qc6 Qxc6 41. Bxc6 Kg7 42. e4 Kf6 43. Kf4 Rc4 44. Bb5 Rc5 45. Ke3 g5 46. hxg5+ Rxg5 47. f4 Rg7 48. e5+ Kf5 49. Bd3+ Ke6 50. Ke4 h4 51. f5+ Kf7 52. f6 h3 53. Bc4+ Kf8 54. fxg7+ Kxg7 55. Kf3 Kf8 56. Kg3 Ke7 57. Kxh3 Ke8 58. Kg4 Ke7 59. Kf5 Kf8 60. Kf6 Ke8 61. Bb5+ Kf8 62. e6 Kg8 63. e7 Kh7 64. e8Q 1-0

[Event "GER-chT U20"]
[Site "Osnabrueck"]
[Date "2011.12.27"]
[Round "2.5"]
[White "Rau, Nikita"]
[Black "Melcher, Max"]
[Result "1-0"]
[WhiteElo "1799"]
[BlackElo "1484"]
[PlyCount "67"]
[EventDate "2011.12.27"]
[EventType "team-swiss"]
[EventRounds "7"]
[EventCountry "GER"]
[SourceTitle "CBM 146 Extra"]
[Source "ChessBase"]
[SourceDate "2012.02.29"]
[SourceVersion "1"]
[SourceVersionDate "2012.02.29"]
[SourceQuality "1"]
[WhiteTeam "Hagen"]
[BlackTeam "Magdeburg Aufbau Elbe"]
[WhiteTeamCountry "GER"]
[BlackTeamCountry "GER"]

1. Nf3 c5 2. c4 Nf6 3. g3 e6 4. Bg2 Be7 5. 0-0 0-0 6. Nc3 d5 7. cxd5 exd5 8. d4 Nc6 9. dxc5 Bxc5 10. Bg5 d4 11. Ne4 Be7 12. Bxf6 Bxf6 13. Qa4 Bf5 14. Nxf6+ Qxf6 15. Rfd1 Rad8 16. Nh4 Bg4 17. Qb5 Rd7 18. h3 a6 19. Qd3 Be6 20. Bxc6 bxc6 21. Qxa6 Bxh3 22. Rac1 d3 23. exd3 Qxb2 24. Rxc6 Qe2 25. Rcc1 Rd4 26. Re1 Qg4 27. Rc4 g5 28. Rxd4 Qxd4 29. Nf3 Qd5 30. Re3 Rc8 31. Qf6 Rc1+ 32. Kh2 Qb5 33. Kxh3 Rh1+ 34. Kg2 1-0

[Event "Niedersachsen-ch open"]
[Site "Verden"]
[Date "2010.01.04"]
[Round "3.57"]
[White "Hartogh, Theo"]
[Black "Rau, Nikita"]
[Result "1-0"]
[WhiteElo "1833"]
[BlackElo "1238"]
[PlyCount "87"]
[EventDate "2010.01.03"]
[EventType "swiss"]
[EventRounds "7"]
[EventCountry "GER"]
[SourceTitle "EXT 2012"]
[Source "ChessBase"]
[SourceDate "2011.11.24"]
[SourceVersion "1"]
[SourceVersionDate "2011.11.24"]
[SourceQuality "1"]

1. c4 Nf6 2. g3 g6 3. Bg2 Bg7 4. Nc3 d6 5. d4 Nbd7 6. e4 0-0 7. Nge2 c5 8. d5 a6 9. 0-0 Rb8 10. a4 Ne8 11. Be3 Nc7 12. a5 b5 13. axb6 Nxb6 14. b3 Bd7 15. Qd2 Re8 16. Bh6 Bh8 17. h4 f5 18. h5 Bf6 19. hxg6 hxg6 20. Bg5 Kf7 21. Bxf6 exf6 22. Bf3 Rh8 23. Kg2 fxe4 24. Nxe4 Bh3+ 25. Kg1 Bxf1 26. Kxf1 g5 27. g4 Qe7 28. N2g3 Qe5 29. Re1 Qf4 30. Qxf4 gxf4 31. Nxd6+ Kf8 32. Nh5 Nd7 33. Nxf4 Rg8 34. Ne6+ Nxe6 35. dxe6 Ne5 36. Bd1 Ke7 37. Nf5+ Ke8 38. f4 Nd3 39. Re3 Rd8 40. Re4 Nxf4 41. Bf3 Ng6 42. e7 Rd7 43. Re6 Nxe7 44. Bc6 1-0